| 000 | 00531nam a22002057a 4500 | ||
|---|---|---|---|
| 003 | OSt | ||
| 005 | 20170120183353.0 | ||
| 008 | 170120b xxu||||| |||| 00| 0 eng d | ||
| 020 | _a0273037005 | ||
| 040 | _cDDC | ||
| 082 | _a658 MAR 1988 | ||
| 100 |
_aMarsh, J.R. _911425 |
||
| 245 | _aManaging Financial Services Marketing | ||
| 260 | _aLondon; Pitman, 1988 | ||
| 300 | _ax,419p; ill: 25cm | ||
| 504 | _aAppendex, & index included | ||
| 650 |
_aFinancial management _95543 |
||
| 650 |
_aMarketing _9518 |
||
| 942 |
_2z _cO_SHELF |
||
| 999 |
_c5472 _d5472 |
||